000 00493nam a2200181 a 4500
001 1776330595161
003 YourLibrary
005 20260416144342.0
008 260416s2006##################000#0#eng##
020 _a9789041125316
082 0 4 _a346.048
_bLAG
100 1 _aCafaggi, Fabrizio,
_eauthor.
245 1 0 _aReframing Self-regulation in European Private Law :
260 _c2006.
650 0 _aAdministrative agencies.
942 _cENGLISH
040 _aYourLibrary
_beng
_cYourLibrary
999 _c619350
_d619350